000 00956nam a22003017a 4500
001 7693
003 FISKH
005 20250731112547.0
008 250731b cb ||||| |||| 00| 0 eng d
020 _a0060258136
040 _aFISKH
_beng
_cFISKH
_dFISKH
050 _aPZ7.S6215 B
100 _aSiracusa, Catherine
245 _aBingo, the best dog in the world /
_cby Catherine Siracusa : Pictures by Sidney Levitt
260 _aNew York :
_bHarper Collins Publishers,
_c1991.
300 _a64 pages :
_bcolor illustrations ;
_c22 cm .
490 _aAnd I Can Read Book
505 _aF
520 _aSam and her brother Stuart take Bootsie to the school dog show.
521 8 _a300
_bLexile estimate
521 8 _aF
_bRaz-Plus
650 _aDogs
_vFiction
650 _aBrothers and sisters
_vFiction
650 _aDog shows
_vFiction
700 _aLevitts , Sidney
_eIllustrator
942 _2ddc
_cBK
_n0
999 _c7693
_d7693